000 00218nam a22000857a 4500
999 _c11481
_d11481
008 190527b ||||| |||| 00| 0 eng d
020 _a9789384603588
100 _97198
_aSETHI PRAMOD
245 _aLEARN TO PLAY WEIGHTLIFTING